00690nam a2200193Ia 4500003000900000008004100009020001800050040001600068080002000084100002600104245015100130260003800281300001500319650002500334650001900359942000700378999001500385952009600400IN-BaIIA211028s9999 xx 000 0 eng d a0-471-82102-0 cIIA Library a621.396.67bSTE aSteinberg, B. D99988 0aPrinciples of aperture and array system designbincluding random and adaptive arrayscB. D. Steinberg  aNew YorkbJohn Wiley & Sonsc1976 axxi, 356p. aAntenna arrays99989 aNASA thesaurus cBK c5765d5765 00104070aBANbBANcGENd1978-04-05l0o621.396.67/ STEp6446r2021-11-05w1978-04-05yBK